MARC details
| 000 -LEADER |
| campo de control de longitud fija |
02818cam a2200493 a 4500 |
| 001 - NÚMERO DE CONTROL |
| campo de control |
60312 |
| 005 - FECHA Y HORA DE LA ÚLTIMA TRANSACCIÓN |
| campo de control |
20230410132706.0 |
| 008 - DATOS DE LONGITUD FIJA--INFORMACIÓN GENERAL |
| campo de control de longitud fija |
030317r20031976flu 000 1 eng |
| 010 ## - NÚMERO DE CONTROL DE LA BIBLIOTECA DEL CONGRESO |
| Número de control de LC |
2003005924 |
| 035 ## - NÚMERO DE CONTROL DEL SISTEMA |
| Número de control de sistema |
(OCoLC)ocm51892628 |
| 040 ## - FUENTE DE CATALOGACIÓN |
| Centro catalogador/agencia de origen |
DLC |
| Centro/agencia transcriptor |
DLC |
| Centro/agencia modificador |
XY4 |
| -- |
BAKER |
| -- |
BTCTA |
| -- |
YDXCP |
| -- |
OCLCG |
| 020 ## - NÚMERO INTERNACIONAL ESTÁNDAR DEL LIBRO |
| Número Internacional Estándar del Libro |
0156028344 |
| 020 ## - NÚMERO INTERNACIONAL ESTÁNDAR DEL LIBRO |
| Número Internacional Estándar del Libro |
9780156028349 |
| 029 1# - OTRO NÚMERO DE CONTROL DE SISTEMA (OCLC) |
| Identificador de la biblioteca OCLC |
YDXCP |
| Número de control de sistema |
2187864 |
| 029 1# - OTRO NÚMERO DE CONTROL DE SISTEMA (OCLC) |
| Identificador de la biblioteca OCLC |
AU@ |
| Número de control de sistema |
000024518522 |
| 035 ## - NÚMERO DE CONTROL DEL SISTEMA |
| Número de control de sistema |
(OCoLC)51892628 |
| 043 ## - CÓDIGO DE ÁREA GEOGRÁFICA |
| Código de área geográfica |
n-us-ga |
| -- |
n-usu-- |
| 050 14 - SIGNATURA TOPOGRÁFICA DE LA BIBLIOTECA DEL CONGRESO |
| Número de clasificación |
PS3573.A425 |
| Número de ítem |
W177m 2003 |
| 082 00 - NÚMERO DE LA CLASIFICACIÓN DECIMAL DEWEY |
| Número de clasificación |
813/.54 |
| Número de edición |
21 |
| 049 ## - FONDOS LOCALES (OCLC) |
| Biblioteca depositaria |
GRAL |
| 100 1# - ENTRADA PRINCIPAL--NOMBRE DE PERSONA |
| Nombre de persona |
Walker, Alice, |
| Fechas asociadas al nombre |
1944- |
| 245 10 - MENCIÓN DEL TÍTULO |
| Título |
Meridian / |
| Mención de responsabilidad, etc. |
Alice Walker. |
| 250 ## - MENCION DE EDICION |
| Mención de edición |
1st Harvest ed. |
| 260 ## - PUBLICACIÓN, DISTRIBUCIÓN, ETC. |
| Lugar de publicación, distribución, etc. |
Orlando : |
| Nombre del editor, distribuidor, etc. |
Harcourt, |
| Fecha de publicación, distribución, etc. |
2003. |
| 300 ## - DESCRIPCIÓN FÍSICA |
| Extensión |
242 p. ; |
| Dimensiones |
21 cm. |
| 505 0# - NOTA DE CONTENIDO CON FORMATO |
| Nota de contenido con formato |
Meridian: Last return -- Wild child -- Sojourner - "Have you stolen anything?" -- Gold -- Indians and eestasy -- English walnuts -- Happy mother -- Clouds -- Attainment of good -- Awakening -- Battle fatigue -- Driven snow -- Conquering prince -- Recurring dream -- Truman held: Truman and Lynne; time in the south -- Of bitches and wives -- New York Times -- Visits -- Lynne -- Tommy Odds -- Lynne -- On giving him back to his own -- Two women -- Lynne -- Ending: Free at last -- Questions -- Camara -- Travels -- Treasure -- Pilgrimage -- Atonement; later, in the same life -- Settling accounts -- Release. |
| 520 ## - RESUMEN, ETC. |
| Sumario, etc. |
Meridian is a poignant and powerful story of the American South in the 1960s and of one woman who risks her life for the people she loves. Meridian Hill, a courageous young activist, creates peace and understanding by dedicating herself heart and soul to her civil rights work, touching the lives of all those she meets even when her health begins to deteriorate. With the old rules of Southern society collapsing around her, Meridian fights a lonely battle to reaffirm her own humanity, and that of all her people. |
| 650 #0 - PUNTO DE ACCESO ADICIONAL DE MATERIA--TÉRMINO DE MATERIA |
| Término de materia o nombre geográfico como elemento de entrada |
African American college students |
| Subdivisión de forma |
Fiction. |
| 650 #0 - PUNTO DE ACCESO ADICIONAL DE MATERIA--TÉRMINO DE MATERIA |
| Término de materia o nombre geográfico como elemento de entrada |
African American women |
| Subdivisión de forma |
Fiction. |
| 650 #0 - PUNTO DE ACCESO ADICIONAL DE MATERIA--TÉRMINO DE MATERIA |
| Término de materia o nombre geográfico como elemento de entrada |
Voter registration |
| Subdivisión de forma |
Fiction. |
| 651 #0 - PUNTO DE ACCESO ADICIONAL DE MATERIA--NOMBRE GEOGRÁFICO |
| Nombre geográfico |
Southern States |
| Subdivisión de forma |
Fiction. |
| 651 #0 - PUNTO DE ACCESO ADICIONAL DE MATERIA--NOMBRE GEOGRÁFICO |
| Nombre geográfico |
Atlanta (Ga.) |
| Subdivisión de forma |
Fiction. |
| 655 #7 - TERMINO DE INDIZACIÓN--GENERO/FORMA |
| Datos o término principal de género/forma |
Bildungsromans. |
| Fuente del término |
gsafd |
| 856 42 - LOCALIZACIÓN Y ACCESO ELECTRÓNICOS |
| Materiales especificados |
Contributor biographical information |
| Identificador Uniforme de Recursos |
<a href="http://www.loc.gov/catdir/bios/har051/2003005924.html">http://www.loc.gov/catdir/bios/har051/2003005924.html</a> |
| 856 41 - LOCALIZACIÓN Y ACCESO ELECTRÓNICOS |
| Materiales especificados |
Sample text |
| Identificador Uniforme de Recursos |
<a href="http://www.loc.gov/catdir/samples/har051/2003005924.html">http://www.loc.gov/catdir/samples/har051/2003005924.html</a> |
| 856 41 - LOCALIZACIÓN Y ACCESO ELECTRÓNICOS |
| Materiales especificados |
Table of contents |
| Identificador Uniforme de Recursos |
<a href="http://www.loc.gov/catdir/toc/ecip041/2003005924.html">http://www.loc.gov/catdir/toc/ecip041/2003005924.html</a> |
| 856 42 - LOCALIZACIÓN Y ACCESO ELECTRÓNICOS |
| Materiales especificados |
Publisher description |
| Identificador Uniforme de Recursos |
<a href="http://www.loc.gov/catdir/description/har031/2003005924.html">http://www.loc.gov/catdir/description/har031/2003005924.html</a> |
| 938 ## - |
| -- |
Baker & Taylor |
| -- |
BKTY |
| -- |
13.00 |
| -- |
9.75 |
| -- |
0156028344 |
| -- |
0004107163 |
| -- |
active |
| 938 ## - |
| -- |
Baker and Taylor |
| -- |
BTCP |
| -- |
2003005924 |
| 938 ## - |
| -- |
YBP Library Services |
| -- |
YANK |
| -- |
2187864 |
| 942 ## - ELEMENTOS DE ENTRADA SECUNDARIOS (KOHA) |
| Fuente del sistema de clasificación o colocación |
Clasificación de Library of Congress |
| Tipo de ítem Koha |
|
| 994 ## - |
| -- |
C0 |
| -- |
DRFGD |
| 946 ## - PROCESAMIENTO DE INFORMACIÓN LOCAL (OCLC) |
| a |
Lspaulino |